000 00501nam a2200217Ia 4500
003 IT-RoPAU
008 120407s9999 xx 000 0 und d
040 _aIT-RoPAU
040 _cIT-RoPAU
041 _aita
100 _aViktor Cathrein
100 _cs.j.
245 _aFilosofia morale. Esposizione scientifica dell’ordine morale e giuridico. 2 voll.
250 _aFirenze
260 _aFiorentina
260 _c1913
300 _c25 cm
490 _v1
942 _cBK
999 _c23498
_d23498